statistieken voor Landen door Officiele Taal

Klik hier om de quiz te nemen!

Generale statistieken

  • Deze quiz is al 221 keer genomen
  • De gemiddelde score is 13 of 20

Antwoord statistieken

Official Languages Country % Correct
DeensDenemarken
100%
Nederlands, Frans, DuitsBelgië
98%
HebreeuwsIsraël
84%
Duits, Frans, Italiaans, RomaansZwitserland
82%
Hindi, EngelsIndia
80%
Engels, Afrikaans, Zoeloe, andere...Zuid-Afrika
78%
Grieks, TurksCyprus
77%
Italiaans, LatijnVaticaanstad
72%
Engels, MaoriNieuw-Zeeland
66%
Arabisch, KoerdischIrak
63%
Sesotho, EngelsLesotho
60%
CatalanAndorra
55%
KhmerCambodja
55%
Engels, Maleis, Chinees, TamilSingapore
52%
Pashto, PerzischAfghanistan
49%
Sinhala, TamilSri Lanka
46%
Malagasi, FransMadagaskar
46%
Engels, UrduPakistan
41%
Tagalog, EngelsFilipijnen
40%
AmhaarsEthiopië
33%

Score Distributie

Percentiel op hoeveel beantwoord

Procent van mensen met elke score

Uw Scoregeschiedenis

U hebt deze quiz nog niet genomen